| 000 | 02637nam a22005537a 4500 | ||
|---|---|---|---|
| 003 | CHAP | ||
| 005 | 20220329140955.0 | ||
| 008 | 971013s1984 r 00010 d | ||
| 010 | _a60750 | ||
| 011 | _a61722 | ||
| 035 | _a65890 | ||
| 040 | _cCHAP | ||
| 082 |
_a516 _bF5 |
||
| 100 | 0 | 0 |
_aFlores García, Conrado. _941538 |
| 245 | _aGeometría analítica | ||
| 260 |
_aMéxico, D.F. : _bTrillas, _c1984 |
||
| 300 |
_a8 v. _b: ilus. ; gráfs. |
||
| 490 |
_aMódulos de matemáticas. Bloque _v; 6 |
||
| 505 | _aContenido : v.1- introducción a la geometría analítica v.2- La recta v.3- La circunferencia v.4- La elipse v.5- La hipérbola v.6- La parábola v.7- Las cónicas y la ecuación general de segundo grado v.8- Relaciones y lugares geométricos | ||
| 590 |
_aBATCH-UPD _b10 _c20130110 _lUCH01 _h0359 |
||
| 590 |
_aBATCH-UPD _b10 _c20130110 _lUCH01 _h1948 |
||
| 590 |
_aBATCH-UPD _b10 _c20130410 _lUCH01 _h0032 |
||
| 590 |
_aBATCH-UPD _b10 _c20130410 _lUCH01 _h1511 |
||
| 590 |
_aBATCH-UPD _b10 _c20130914 _lUCH01 _h1256 |
||
| 590 |
_aCONVERSION _b10 _c20130109 _lUCH01 _h1333 |
||
| 650 | 1 | 4 |
_aElipse. _936283 |
| 650 | 1 | 4 |
_aGeometría analítica. _947654 |
| 650 | 1 | 4 |
_aParábola (geometría) _985650 |
| 650 | 1 | 4 |
_aSecciones cónicas. _9103484 |
| 830 | 0 |
_aMódulos de matemáticas. Bloque _v; 6 _978039 |
|
| 901 | _aBK | ||
| 942 | _cLIBRO | ||
| 949 |
_a516 F5 _bBC _cLIBRO _d33724000143731 _eLIBRO _fv.5 c.2 _h66761 _i65890 _si |
||
| 949 |
_a516 F5 _bBC _cLIBRO _d33724000143756 _eLIBRO _fv.5 _h66760 _i65890 _si |
||
| 949 |
_a516 F5 _bBC _cLIBRO _d33724000143772 _eLIBRO _fv.6 _h66762 _i65890 _si |
||
| 949 |
_a516 F5 _bBC _cLIBRO _d33724000143780 _eLIBRO _fv.3 _h66756 _i65890 _si |
||
| 949 |
_a516 F5 _bBC _cLIBRO _d33724000143798 _eLIBRO _fv.2 c.2 _h66755 _i65890 _si |
||
| 949 |
_a516 F5 _bBC _cLIBRO _d33724000143848 _eLIBRO _fv.7 c.2 _h66742 _i65890 _si |
||
| 949 |
_a516 F5 _bBC _cLIBRO _d33724000143855 _eLIBRO _fv.8 _h66739 _i65890 _si |
||
| 949 |
_a516 F5 _bBC _cLIBRO _d33724000143863 _eLIBRO _fv.7 _h66741 _i65890 _si |
||
| 949 |
_a516 F5 _bBC _cLIBRO _d33724000143871 _eLIBRO _fv.8 c.2 _h66740 _i65890 _si |
||
| 949 |
_a516 F5 _bBC _cLIBRO _d33724000579793 _eLIBRO _fv.2 _h66754 _i65890 _si |
||
| 949 |
_a516 F5 _bBC _cLIBRO _d33724000695672 _eLIBRO _fv.1 c.2 _h66753 _i65890 _si |
||
| 949 |
_a516 F5 _bBC _cLIBRO _d33724000830121 _eLIBRO _fv.4 _h66758 _i65890 _si |
||
| 949 |
_a516 F5 _bBC _cLIBRO _d33724000889713 _eLIBRO _fv.3 c.2 _h66757 _i65890 _si |
||
| 949 |
_a516 F5 _bBC _cLIBRO _d33724000936779 _eLIBRO _fv.1 _h66752 _i65890 _si |
||
| 949 |
_a516 F5 _bBC _cLIBRO _d33724000937306 _eLIBRO _fv.6 c.2 _h66763 _i65890 _si |
||
| 949 |
_a516 F5 _bBC _cLIBRO _d33724000948246 _eLIBRO _fv.4 c.2 _h66759 _i65890 _si |
||
| 999 |
_c60750 _d60750 |
||